[Event "21st 4NCL Congress"]
[Site "Harrogate"]
[Date "2019.01.18"]
[Round "1"]
[Board "1"]
[White "Both, Aaron"]
[Black "May, Paul"]
[Result "1-0"]
[WhiteElo "1983"]
[BlackElo "1797"]
[PlyCount "45"]
[EventDate "2019.01.18"]
[EventRounds "5"]
[EventCountry "ENG"]

1. e4 c5 2. Nc3 a6 3. a4 b6 4. f4 Bb7 5. Nf3 e6 6. d3 d6 7. g3 Nc6 8. Bg2 Qc7
9. f5 Nd4 10. fxe6 Nxf3+ 11. Qxf3 fxe6 12. O-O Nf6 13. Bg5 Be7 14. Bh3 Rf8 15.
Bxe6 Nxe4 16. Bf7+ Kd8 17. Bxe7+ Qxe7 18. Nxe4 Bd5 19. Bxd5 Rxf3 20. Rxf3 Rc8
21. Raf1 Qe5 22. Rf8+ Kc7 23. R1f7+  1-0

[Event "21st 4NCL Congress"]
[Site "Harrogate"]
[Date "2019.01.18"]
[Round "1"]
[Board "2"]
[White "Hilton, Tim"]
[Black "Cast, Julian"]
[Result "1/2-1/2"]
[WhiteElo "1781"]
[BlackElo "1982"]
[PlyCount "59"]
[EventDate "2019.01.18"]
[EventRounds "5"]
[EventCountry "ENG"]

1. c4 f5 2. Nc3 Nf6 3. d4 e6 4. Qc2 d6 5. Nf3 Be7 6. e4 O-O 7. Bd3 g6 8. h4 Nh5
9. Bh6 Re8 10. O-O-O Na6 11. a3 c5 12. d5 Bf8 13. Bxf8 Rxf8 14. dxe6 Bxe6 15.
Ng5 Nf4 16. Nxe6 Nxe6 17. Nb5 Nac7 18. exf5 Nxb5 19. cxb5 Nd4 20. Qc3 Rxf5 21.
f3 Re5 22. Rde1 Rxe1+ 23. Qxe1 Qf8 24. Bc4+ Kg7 25. Qe4 Re8 26. Qxb7+ Re7 27.
Qd5 Re5 28. Qb7+ Re7 29. Qd5 Re5 30. Qb7+  1/2-1/2

[Event "21st 4NCL Congress"]
[Site "Harrogate"]
[Date "2019.01.18"]
[Round "1"]
[Board "3"]
[White "Daley, Mark"]
[Black "Procter, Colin S"]
[Result "0-1"]
[WhiteElo "1982"]
[BlackElo "1776"]
[PlyCount "144"]
[EventDate "2019.01.18"]
[EventRounds "5"]
[EventCountry "ENG"]

1. e4 g6 2. d4 Bg7 3. Nc3 d6 4. Be3 Nf6 5. f3 b6 6. Qd2 Ba6 7. Bxa6 Nxa6 8. Qe2
Qc8 9. Nh3 c5 10. Qb5+ Nd7 11. Rd1 Nb4 12. Qe2 Nc6 13. d5 Nd4 14. Qf2 Ne5 15.
Bxd4 cxd4 16. Nb5 Nc4 17. Nxd4 Nxb2 18. Rd2 Qa6 19. Qe2 Qxe2+ 20. Nxe2 Rc8 21.
O-O O-O 22. Rc1 Nc4 23. Rd3 Rc7 24. Nd4 Bxd4+ 25. Rxd4 Rfc8 26. c3 Ne5 27. f4
Nd7 28. Rd3 Nc5 29. Rd4 b5 30. Rb1 Na4 31. Rxb5 Nxc3 32. Rb2 Rc4 33. Rxc4 Rxc4
34. Rc2 Rc5 35. e5 Nxd5 36. exd6 exd6 37. Rd2 Nf6 38. g3 Ne4 39. Rd4 d5 40. g4
Rc1+ 41. Kg2 Rc2+ 42. Kg1 Nc3 43. Rd3 d4 44. Ng5 Ne2+ 45. Kf1 Nxf4 46. Rxd4 h6
47. Nf3 Nh3 48. Ne5 Rf2+ 49. Ke1 Rxh2 50. Rd8+ Kg7 51. Rd7 Ng5 52. Rxa7 Kf6 53.
Nd7+ Ke6 54. a4 Nf3+ 55. Kf1 Ra2 56. Rb7 Nh2+ 57. Kg1 Nxg4 58. Nf8+ Kf6 59.
Nd7+ Kg5 60. Rb5+ f5 61. a5 Ne3 62. Ne5 Ng4 63. Nc6 h5 64. Rb3 Nf6 65. Rb6 h4
66. Rb5 h3 67. Ne5 Ng4 68. Nf3+ Kf4 69. Ne1 Ra1 70. Rb4+ Kg5 71. Kf1 h2 72. Kg2
Rxe1  0-1

[Event "21st 4NCL Congress"]
[Site "Harrogate"]
[Date "2019.01.18"]
[Round "1"]
[Board "4"]
[White "Bitlloch, Jordi"]
[Black "Gibbs, Dominic V"]
[Result "0-1"]
[WhiteElo "1765"]
[BlackElo "1959"]
[PlyCount "82"]
[EventDate "2019.01.18"]
[EventRounds "5"]
[EventCountry "ENG"]

1. e4 e6 2. d4 d5 3. exd5 exd5 4. c4 Nf6 5. Nc3 Be6 6. Qb3 Nc6 7. Nf3 Qd7 8.
Be3 Na5 9. Qb5 Qxb5 10. Nxb5 Bb4+ 11. Bd2 Bxd2+ 12. Nxd2 O-O-O 13. c5 Nc6 14.
Nb3 Rhe8 15. O-O-O Ne4 16. f3 Nf2 17. Rg1 Nxd1 18. Kxd1 Bf5 19. g4 Bg6 20. f4
Bb1 21. Nc3 Be4 22. Rg3 Re7 23. Kd2 a6 24. Re3 Rde8 25. Be2 Nd8 26. Nxe4 Rxe4
27. Rxe4 Rxe4 28. f5 c6 29. Bf3 Re8 30. Nc1 f6 31. Nd3 g6 32. Nf4 gxf5 33. gxf5
Kd7 34. h4 Rg8 35. Ne2 Nf7 36. Ke3 Nh6 37. Kf4 Ke7 38. Ng3 Rxg3 39. Kxg3 Nxf5+
40. Kf4 Nxd4 41. Bg4 Ne6+  0-1

[Event "21st 4NCL Congress"]
[Site "Harrogate"]
[Date "2019.01.18"]
[Round "1"]
[Board "5"]
[White "Molano Lafuente, Ismael"]
[Black "Chan, Sheng Liang Bernard"]
[Result "1/2-1/2"]
[WhiteElo "1935"]
[BlackElo "1755"]
[PlyCount "61"]
[EventDate "2019.01.18"]
[EventRounds "5"]
[EventCountry "ENG"]

1. f4 d5 2. Nf3 Nf6 3. e3 c5 4. b3 g6 5. Bb2 Bg7 6. Be2 O-O 7. O-O Nc6 8. Ne5
Nd7 9. Nxc6 bxc6 10. Bxg7 Kxg7 11. d3 e5 12. Nc3 Qe7 13. e4 d4 14. Na4 exf4 15.
Rxf4 Nb6 16. Nb2 f5 17. exf5 Qe3+ 18. Rf2 Rxf5 19. Qf1 Be6 20. Bf3 Bd5 21. Re1
Qg5 22. Bxd5 Rxf2 23. Qxf2 Nxd5 24. Nc4 Rf8 25. Qe2 Rf7 26. Qe5+ Qxe5 27. Rxe5
Nc3 28. a4 Nd5 29. g3 Rf6 30. Kg2 Kf7 31. Re2  1/2-1/2

[Event "21st 4NCL Congress"]
[Site "Harrogate"]
[Date "2019.01.18"]
[Round "1"]
[Board "6"]
[White "Goodfellow, Russell R"]
[Black "Bennett, Dominic L"]
[Result "0-1"]
[WhiteElo "1742"]
[BlackElo "1934"]
[PlyCount "52"]
[EventDate "2019.01.18"]
[EventRounds "5"]
[EventCountry "ENG"]

1. e4 c5 2. Nf3 d6 3. d4 cxd4 4. Nxd4 Nf6 5. Nc3 Nc6 6. Bb5 Bd7 7. a4 Rc8 8.
O-O g6 9. h3 Bg7 10. Nb3 O-O 11. Be3 a6 12. Be2 Be6 13. Nd4 Na5 14. Nxe6 fxe6
15. Qd3 Nc4 16. Bc1 Kh8 17. g4 Nd7 18. Rb1 Qa5 19. Nd1 Qb6 20. b3 d5 21. Ne3
Nxe3 22. Bxe3 d4 23. Bg5 Nc5 24. Qd1 Nxe4 25. Bxe7 Rf7 26. Bh4 g5  0-1

[Event "21st 4NCL Congress"]
[Site "Harrogate"]
[Date "2019.01.18"]
[Round "1"]
[Board "7"]
[White "Kendall, Paul Sn"]
[Black "Smith, Steven J"]
[Result "1-0"]
[WhiteElo "1934"]
[BlackElo "1736"]
[PlyCount "81"]
[EventDate "2019.01.18"]
[EventRounds "5"]
[EventCountry "ENG"]

1. e4 e6 2. d4 d5 3. Nd2 c5 4. exd5 exd5 5. Ngf3 Nc6 6. dxc5 Bxc5 7. Nb3 Bb6 8.
Be2 Nge7 9. O-O Bf5 10. c3 O-O 11. Bd3 Qd7 12. Re1 Rfe8 13. Be3 Bxe3 14. Rxe3
b6 15. Nbd4 Nxd4 16. Nxd4 Bxd3 17. Rxd3 Nc6 18. Rg3 Nxd4 19. Qxd4 g6 20. h4 Re4
21. Qf6 Re6 22. Qf4 Rae8 23. Rd3 Re5 24. Qg3 Qf5 25. Rad1 Re1+ 26. Kh2 Rxd1 27.
Rxd1 Re2 28. f3 Rxb2 29. c4 dxc4 30. Rd8+ Kg7 31. Qd6 Kh6 32. Qf8+ Kh5 33. Qg7
Qxf3 34. Qxb2 Qf4+ 35. g3 Qc7 36. Qe2+ Kh6 37. Qe3+ Kg7 38. Qd4+ Kh6 39. Rd7
Qc6 40. Qf4+ Kg7 41. Qxf7+  1-0

[Event "21st 4NCL Congress"]
[Site "Harrogate"]
[Date "2019.01.18"]
[Round "1"]
[Board "8"]
[White "Ross, Andy"]
[Black "Cooper, Malcolm H"]
[Result "0-1"]
[WhiteElo "1735"]
[BlackElo "1925"]
[PlyCount "113"]
[EventDate "2019.01.18"]
[EventRounds "5"]
[EventCountry "ENG"]

1. e4 c5 2. Nf3 d6 3. d4 cxd4 4. Nxd4 Nf6 5. Nc3 a6 6. Bg5 e6 7. Be2 Be7 8. O-O
Qc7 9. Qd2 O-O 10. Rad1 Nc6 11. Nxc6 Qxc6 12. Bf3 Qb6 13. Na4 Qb5 14. b3 Rd8
15. c4 Qe8 16. Qf4 b5 17. e5 dxe5 18. Qxe5 Ra7 19. cxb5 axb5 20. Nc3 b4 21.
Rxd8 Qxd8 22. Rd1 Rd7 23. Rxd7 Nxd7 24. Bxe7 Nxe5 25. Bxd8 Nxf3+ 26. gxf3 bxc3
27. Bg5 Ba6 28. Bc1 Kf8 29. f4 Be2 30. Kg2 Ke7 31. f3 Kd6 32. Kf2 Bd1 33. Ke3
Kd5 34. Kd3 c2 35. a4 f6 36. b4 Bxf3 37. Kxc2 Kc4 38. Bd2 Be4+ 39. Kc1 Kb3 40.
a5 Bd3 41. Be1 Bb5 42. Kb1 Kc4 43. Kb2 Kd4 44. Kb3 Ke4 45. Bd2 e5 46. fxe5 Kxe5
47. Bc3+ Ke4 48. Kc2 Kf3 49. Be1 f5 50. Kc3 Ke4 51. Bg3 g5 52. Kd2 f4 53. Bf2
h5 54. Kd1 g4 55. Ke1 g3 56. Bg1 f3 57. Bb6  0-1

[Event "21st 4NCL Congress"]
[Site "Harrogate"]
[Date "2019.01.18"]
[Round "1"]
[Board "9"]
[White "Bielby, Paul R"]
[Black "Holi, Siefaldin"]
[Result "1-0"]
[WhiteElo "1907"]
[BlackElo "1730"]
[PlyCount "87"]
[EventDate "2019.01.18"]
[EventRounds "5"]
[EventCountry "ENG"]

1. e4 e5 2. f4 d6 3. Bc4 Nf6 4. Nc3 c6 5. fxe5 dxe5 6. Nf3 Bg4 7. Bxf7+ Ke7 8.
Bb3 Ke8 9. d3 Bc5 10. h3 Bh5 11. Bg5 h6 12. Bh4 g5 13. Bg3 g4 14. hxg4 Bxg4 15.
Qd2 Nbd7 16. O-O-O h5 17. Rdf1 a5 18. Nxe5 b5 19. Qg5 Qb6 20. Qg6+ Ke7 21. Qf7+
Kd8 22. Rxf6 Rf8 23. Nxd7 Rxf7 24. Nxb6 Rxf6 25. Bh4 Be3+ 26. Kb1 Bxb6 27.
Bxf6+ Kd7 28. e5 a4 29. Bf7 a3 30. Bxh5 Bxh5 31. Rxh5 axb2 32. Kxb2 Bd4 33. e6+
Kxe6 34. Bxd4 Rg8 35. Ne2 Rg4 36. g3 b4 37. Bc5 Kd7 38. Rh4 Rg5 39. Bxb4 c5 40.
Bc3 Kc6 41. Rh6+ Kb5 42. Kb3 c4+ 43. dxc4+ Kc5 44. Bb4#  1-0

[Event "21st 4NCL Congress"]
[Site "Harrogate"]
[Date "2019.01.18"]
[Round "1"]
[Board "10"]
[White "Potter, Steven"]
[Black "Ward, W (Bill)"]
[Result "1/2-1/2"]
[WhiteElo "1724"]
[BlackElo "1894"]
[PlyCount "33"]
[EventDate "2019.01.18"]
[EventRounds "5"]
[EventCountry "ENG"]

1. d4 f5 2. Bg5 g6 3. e3 Bg7 4. Nd2 d5 5. Ngf3 Nd7 6. c3 Ngf6 7. Bd3 Ne4 8. Bf4
Ndf6 9. Ne5 Nxd2 10. Qxd2 Nh5 11. Bb5+ c6 12. Ba4 O-O 13. O-O Nxf4 14. exf4
Bxe5 15. dxe5 e6 16. Rad1 b5 17. Bc2  1/2-1/2

[Event "21st 4NCL Congress"]
[Site "Harrogate"]
[Date "2019.01.18"]
[Round "1"]
[Board "11"]
[White "Coop, Brian H"]
[Black "Taylor, Robert P"]
[Result "1-0"]
[WhiteElo "1892"]
[BlackElo "1703"]
[PlyCount "67"]
[EventDate "2019.01.18"]
[EventRounds "5"]
[EventCountry "ENG"]

1. e4 Nc6 2. Nf3 a6 3. d4 d5 4. exd5 Qxd5 5. Nc3 Qh5 6. Be2 Bg4 7. O-O Rd8 8.
Re1 Nf6 9. h3 Bd7 10. Bf4 Qa5 11. a3 e6 12. b4 Qb6 13. Na4 Qa7 14. Bxc7 Rc8 15.
Bb6 Qb8 16. Nc5 Bd6 17. Bd3 O-O 18. c4 Bc7 19. Bxc7 Rxc7 20. d5 Nd8 21. d6 Rc6
22. Nxd7 Nxd7 23. c5 b6 24. b5 Rxc5 25. bxa6 Kh8 26. Qa4 Qa7 27. Rad1 Ra5 28.
Qh4 Nf6 29. Ne5 h6 30. a4 Kg8 31. Bb5 Nd5 32. Rc1 f6 33. Nc4 Rxb5 34. axb5  1-0

[Event "21st 4NCL Congress"]
[Site "Harrogate"]
[Date "2019.01.18"]
[Round "1"]
[Board "12"]
[White "Webster, Vivien"]
[Black "Burns, Martin J"]
[Result "1-0"]
[WhiteElo "1701"]
[BlackElo "1889"]
[PlyCount "86"]
[EventDate "2019.01.18"]
[EventRounds "5"]
[EventCountry "ENG"]

1. d4 Nf6 2. c4 g6 3. e3 Bg7 4. Bd3 c5 5. Ne2 Nc6 6. O-O cxd4 7. exd4 Nb4 8. a3
Nxd3 9. Qxd3 O-O 10. Nbc3 d5 11. b3 Bf5 12. Qd2 dxc4 13. bxc4 Rc8 14. Ng3 Bd7
15. c5 Bc6 16. Bb2 Qd7 17. Nce2 Rfd8 18. Rad1 Bb5 19. Rfe1 Ba4 20. Rc1 Bc6 21.
Rcd1 h5 22. f3 h4 23. Ne4 h3 24. Nxf6+ exf6 25. Qf4 hxg2 26. Kxg2 g5 27. Qg3
Qf5 28. Rd2 Re8 29. d5 Bxd5 30. Nd4 Qg6 31. Rxe8+ Rxe8 32. Nb5 Bc4 33. Nd6 Re2+
34. Rxe2 Bxe2 35. Ne4 f5 36. Qb8+ Kh7 37. Bxg7 Qxg7 38. Qxb7 g4 39. fxg4 Qxg4+
40. Ng3 Bc4 41. Qf3 Kg6 42. h3 Bf1+ 43. Qxf1 Qc4  1-0

[Event "21st 4NCL Congress"]
[Site "Harrogate"]
[Date "2019.01.18"]
[Round "1"]
[Board "13"]
[White "Wood, Peter R"]
[Black "Ngulube, Michael"]
[Result "1/2-1/2"]
[WhiteElo "1883"]
[BlackElo "1691"]
[PlyCount "96"]
[EventDate "2019.01.18"]
[EventRounds "5"]
[EventCountry "ENG"]

1. e4 d6 2. Nc3 Nf6 3. g3 e5 4. Bg2 Be7 5. Nge2 O-O 6. O-O Bg4 7. h3 Be6 8. d4
exd4 9. Nxd4 Bc4 10. Re1 c6 11. Bf4 Re8 12. Nf5 d5 13. exd5 Bxd5 14. Nxd5 cxd5
15. Nxe7+ Rxe7 16. Bg5 Rxe1+ 17. Qxe1 Nc6 18. Qd2 h6 19. Bxf6 Qxf6 20. c3 Rd8
21. Rd1 Qe6 22. a4 a6 23. b4 d4 24. Re1 Qc4 25. Bxc6 Qxc6 26. cxd4 Qxa4 27. d5
Qd7 28. Kg2 Qxd5+ 29. Qxd5 Rxd5 30. Re4 f5 31. Rc4 Rb5 32. Kf3 a5 33. bxa5 Rxa5
34. h4 Kh7 35. h5 Ra3+ 36. Kf4 b5 37. Rc5 b4 38. Rxf5 Rc3 39. Rb5 b3 40. f3
Rc4+ 41. Kf5 Rc3 42. Ke4 Kg8 43. Rb7 Kf8 44. g4 Kg8 45. f4 Rc4+ 46. Kf5 Rc5+
47. Kg6 Rc6+ 48. Kf5 Rc5+  1/2-1/2

[Event "21st 4NCL Congress"]
[Site "Harrogate"]
[Date "2019.01.18"]
[Round "1"]
[Board "14"]
[White "Parry, Jacques H"]
[Black "Riding, Mick D"]
[Result "0-1"]
[WhiteElo "1681"]
[BlackElo "1872"]
[PlyCount "54"]
[EventDate "2019.01.18"]
[EventRounds "5"]
[EventCountry "ENG"]

1. e4 d6 2. d4 Nf6 3. Nc3 c6 4. f4 Qa5 5. Bd2 e5 6. fxe5 dxe5 7. dxe5 Ng4 8.
Be2 Nxe5 9. Nf3 Nbd7 10. Nd5 Qd8 11. Ne3 Bc5 12. Nf5 O-O 13. Be3 Qb6 14. Bxc5
Nxf3+ 15. Bxf3 Nxc5 16. Ng3 Be6 17. Qe2 Rad8 18. Qf2 Qb4+ 19. Kf1 Qxb2 20. Qxc5
Qxa1+ 21. Ke2 Qd4 22. Qxd4 Rxd4 23. Ke3 Rfd8 24. Be2 Bxa2 25. Bd3 Ra4 26. Ne2
Bc4 27. Nc3 Rb4  0-1

[Event "21st 4NCL Congress"]
[Site "Harrogate"]
[Date "2019.01.18"]
[Round "1"]
[Board "15"]
[White "Bagley, Andy J"]
[Black "Roberts, Malcolm A"]
[Result "1-0"]
[WhiteElo "1855"]
[BlackElo "1676"]
[PlyCount "91"]
[EventDate "2019.01.18"]
[EventRounds "5"]
[EventCountry "ENG"]

1. d4 d5 2. c4 c6 3. Nc3 Nf6 4. Nf3 g6 5. cxd5 cxd5 6. Bf4 a6 7. h3 Bg7 8. e3
O-O 9. Bd3 Nc6 10. O-O Nb4 11. Bb1 b5 12. a3 Nc6 13. b4 Bb7 14. Bd3 Rc8 15. Qb3
Na7 16. a4 Qb6 17. axb5 axb5 18. Ra5 Ne4 19. Nxd5 Bxd5 20. Qxd5 Nc3 21. Qb3 e6
22. Rfa1 Na4 23. Bxb5 Nxb5 24. R5xa4 Nc3 25. Ra6 Qb5 26. Bd6 Ne2+ 27. Kh2 Rfd8
28. Bc5 Qb8+ 29. g3 Rxc5 30. dxc5 Bxa1 31. Rxa1 Qb7 32. Ng1 Nxg1 33. Kxg1 Qf3
34. Qc3 h5 35. h4 Kh7 36. Rf1 f6 37. c6 g5 38. hxg5 fxg5 39. c7 Rc8 40. Qd3+
Kh6 41. Qd7 Qb7 42. Qxe6+ Kh7 43. Qe7+ Kg6 44. Rd1 Rxc7 45. Rd6+ Kf5 46. Qe6#
 1-0

[Event "21st 4NCL Congress"]
[Site "Harrogate"]
[Date "2019.01.18"]
[Round "1"]
[Board "16"]
[White "Murphy, Ross"]
[Black "Cawston, M John"]
[Result "1-0"]
[WhiteElo "1667"]
[BlackElo "1850"]
[PlyCount "71"]
[EventDate "2019.01.18"]
[EventRounds "5"]
[EventCountry "ENG"]

1. Nf3 c5 2. g3 Nc6 3. d4 cxd4 4. Nxd4 Nf6 5. Bg2 g6 6. O-O Bg7 7. c3 O-O 8.
Nd2 d5 9. Qc2 e5 10. Nxc6 bxc6 11. c4 Rb8 12. cxd5 cxd5 13. Rd1 Qe7 14. e4 Be6
15. exd5 Nxd5 16. Nb3 Rfc8 17. Qe2 Nb4 18. Be3 Nc2 19. Rac1 Nxe3 20. Qxe3 Rxc1
21. Rxc1 Rc8 22. Rxc8+ Bxc8 23. Nc5 Qd6 24. Bf3 Bf8 25. b4 a5 26. a3 axb4 27.
axb4 Bd7 28. Kg2 f5 29. Qb3+ Kg7 30. Bd5 Kf6 31. Bg8 e4 32. Qf7+ Ke5 33. Qb3 h6
34. h4 g5 35. Qe3 Qd4 36. f4+  1-0

[Event "21st 4NCL Congress"]
[Site "Harrogate"]
[Date "2019.01.18"]
[Round "1"]
[Board "17"]
[White "Horkan, Stanley"]
[Black "Walshaw, David"]
[Result "0-1"]
[WhiteElo "1848"]
[BlackElo "1634"]
[PlyCount "68"]
[EventDate "2019.01.18"]
[EventRounds "5"]
[EventCountry "ENG"]

1. e4 g6 2. d4 Bg7 3. Be3 c5 4. c3 Nf6 5. f3 cxd4 6. cxd4 d5 7. e5 Nfd7 8. Nc3
Nb6 9. Rc1 O-O 10. Nb5 Nc6 11. h4 a6 12. Na3 f6 13. f4 Bf5 14. Bd3 Qd7 15. h5
Bxd3 16. Qxd3 Qg4 17. Qe2 Qg3+ 18. Qf2 Qxf2+ 19. Bxf2 fxe5 20. fxe5 Rf5 21.
hxg6 hxg6 22. Rc3 Na4 23. Rb3 b5 24. Nf3 Na5 25. Rb4 e6 26. Nxb5 axb5 27. Rxb5
Nc4 28. b3 Nc3 29. Rb7 Rxa2 30. bxc4 Ra1+ 31. Kd2 Ne4+ 32. Ke3 Rxh1 33. Rb8+
Rf8 34. Rxf8+ Kxf8  0-1

[Event "21st 4NCL Congress"]
[Site "Harrogate"]
[Date "2019.01.18"]
[Round "1"]
[Board "18"]
[White "Frith, Shane S"]
[Black "Slinger, Aj (Tony)"]
[Result "0-1"]
[WhiteElo "1626"]
[BlackElo "1846"]
[PlyCount "90"]
[EventDate "2019.01.18"]
[EventRounds "5"]
[EventCountry "ENG"]

1. d4 Nf6 2. Bf4 d5 3. e3 e6 4. Nf3 Bd6 5. Bg3 O-O 6. Bd3 b6 7. Nbd2 Bb7 8. c3
Ne4 9. Qc2 f5 10. Ne5 Nd7 11. Nxd7 Qxd7 12. Nf3 a5 13. Qe2 Qc8 14. Ne5 Ba6 15.
Bxa6 Qxa6 16. Qxa6 Rxa6 17. Ke2 a4 18. Rac1 Nxg3+ 19. hxg3 Bxe5 20. dxe5 b5 21.
Rh4 Raa8 22. Rch1 h6 23. f4 Rab8 24. a3 c5 25. Rc1 Rfe8 26. g4 fxg4 27. Rxg4
Re7 28. Kd3 Kf7 29. Rh4 b4 30. axb4 cxb4 31. cxb4 Rxb4 32. Rc2 Reb7 33. g4 Rxb2
34. Rhh2 a3 35. e4 R7b3+ 36. Kd4 Rb4+ 37. Kd3 dxe4+ 38. Kc3 R4b3+ 39. Kc4 a2
40. Rc1 e3 41. Ra1 Rxh2 42. Kxb3 Rf2 43. Re1 Kg6 44. Ka3 Rxf4 45. Kxa2 Re4  0-1

[Event "21st 4NCL Congress"]
[Site "Harrogate"]
[Date "2019.01.18"]
[Round "1"]
[Board "19"]
[White "Jacob, Sydney J"]
[Black "Robinson, Brian"]
[Result "1-0"]
[WhiteElo "1832"]
[BlackElo "1547"]
[PlyCount "59"]
[EventDate "2019.01.18"]
[EventRounds "5"]
[EventCountry "ENG"]

1. d4 Nf6 2. c4 e6 3. Nf3 d5 4. g3 Bb4+ 5. Nbd2 O-O 6. Bg2 Nbd7 7. O-O Be7 8.
Qc2 b6 9. cxd5 exd5 10. Ne5 Bb7 11. Nc6 Qe8 12. Nxe7+ Qxe7 13. Qxc7 Ba6 14. Nf3
Rfc8 15. Qf4 Rc2 16. Ne5 Rxe2 17. Bf3 Rc2 18. Re1 Rac8 19. Bd2 Qd8 20. Bc3 Bb7
21. Qf5 R2xc3 22. bxc3 Rxc3 23. Nxd7 Qxd7 24. Qxd7 Nxd7 25. Re3 Rc2 26. Rae1 h6
27. Re8+ Kh7 28. R8e7 Bc6 29. Bg4 Nf6 30. Bf5+  1-0

[Event "21st 4NCL Congress"]
[Site "Harrogate"]
[Date "2019.01.18"]
[Round "1"]
[Board "20"]
[White "Bamford, Paul"]
[Black "Tamas, Szilard"]
[Result "0-1"]
[WhiteElo "1526"]
[BlackElo "1821"]
[PlyCount "80"]
[EventDate "2019.01.18"]
[EventRounds "5"]
[EventCountry "ENG"]

1. d4 Nf6 2. Nf3 e6 3. e3 b6 4. Bd3 Bb7 5. O-O d5 6. Ne5 Bd6 7. f4 O-O 8. Nd2
c5 9. c3 Ne4 10. Qe2 f6 11. Nef3 Nd7 12. c4 Re8 13. b3 Nc3 14. Qe1 cxd4 15.
Nxd4 Nc5 16. Bc2 Rc8 17. Bb2 N3e4 18. Nxe4 dxe4 19. Rd1 Qe7 20. Rf2 Na6 21. Bc3
Nb4 22. Bb1 Bc5 23. Rfd2 Red8 24. a3 Na6 25. b4 Bxd4 26. Bxd4 e5 27. fxe5 fxe5
28. Bb2 Rxd2 29. Rxd2 Nb8 30. Qd1 Kf8 31. Qf1+ Kg8 32. Ba2 Kh8 33. Rf2 Nd7 34.
Rf7 Qe6 35. Bxe5 Nxe5 36. Rxb7 Ng4 37. Qe2 Rf8 38. Qb2 Ne5 39. c5 Qf5 40. Qa1
Qf2+  0-1

[Event "21st 4NCL Congress"]
[Site "Harrogate"]
[Date "2019.01.18"]
[Round "1"]
[Board "21"]
[White "Dean, Robert A"]
[Black "Mendis, Vidura"]
[Result "1-0"]
[WhiteElo "1811"]
[BlackElo "1468"]
[PlyCount "39"]
[EventDate "2019.01.18"]
[EventRounds "5"]
[EventCountry "ENG"]

1. e4 e6 2. d4 d5 3. Nd2 dxe4 4. Nxe4 Nf6 5. Bd3 Nc6 6. Nf3 Nb4 7. Nxf6+ Qxf6
8. Bg5 Nxd3+ 9. Qxd3 Qg6 10. Qe2 h6 11. Bf4 c6 12. O-O Be7 13. Rfe1 Bd7 14.
Rad1 Qf5 15. Bg3 h5 16. h3 g5 17. Ne5 O-O-O 18. Nxf7 g4 19. h4 Bxh4 20. Nd6+
 1-0

[Event "21st 4NCL Congress"]
[Site "Harrogate"]
[Date "2019.01.18"]
[Round "1"]
[Board "22"]
[White "Shenbagakumar, Gautham"]
[Black "Williamson, Graham Ag"]
[Result "0-1"]
[WhiteElo "1465"]
[BlackElo "1799"]
[PlyCount "64"]
[EventDate "2019.01.18"]
[EventRounds "5"]
[EventCountry "ENG"]

1. e4 d5 2. exd5 Qxd5 3. Nc3 Qa5 4. d4 c6 5. Bd3 Nf6 6. Nge2 Bg4 7. O-O e6 8.
a3 Bd6 9. f3 Bh5 10. Bf4 Bxf4 11. Nxf4 Qg5 12. Nxh5 Nxh5 13. Ne4 Qe3+ 14. Kh1
Qxd4 15. f4 Nf6 16. c3 Qd8 17. Qc2 Nxe4 18. Bxe4 Nd7 19. Rad1 Qb6 20. Rfe1 g6
21. f5 gxf5 22. Bxf5 O-O-O 23. Be4 Nf6 24. Bf3 h5 25. Rxd8+ Rxd8 26. b4 Ng4 27.
Bxg4 hxg4 28. Qe4 Qf2 29. Rg1 g3 30. Qe1 Rh8 31. h3 Rxh3+ 32. gxh3 Qh2#  0-1

[Event "21st 4NCL Congress"]
[Site "Harrogate"]
[Date "2019.01.18"]
[Round "1"]
[Board "23"]
[White "Livesey, R  Nigel"]
[Black "Fisher, Neal"]
[Result "1-0"]
[WhiteElo "1797"]
[BlackElo "1453"]
[PlyCount "96"]
[EventDate "2019.01.18"]
[EventRounds "5"]
[EventCountry "ENG"]

1. c4 e5 2. g3 c6 3. d4 exd4 4. Qxd4 Nf6 5. Bg2 Be7 6. Nc3 O-O 7. e4 d6 8. Nge2
Be6 9. Nf4 Na6 10. O-O Bg4 11. h3 Bd7 12. b3 h6 13. Ba3 Be6 14. Rad1 c5 15. Qe3
Qb6 16. e5 dxe5 17. Qxe5 Rab8 18. Na4 Qc7 19. Qxc7 Nxc7 20. Bxc5 Bxc5 21. Nxc5
Bc8 22. Rfe1 b6 23. Re7 Nfe8 24. Nd7 Bxd7 25. Rdxd7 a5 26. Bd5 Nxd5 27. Nxd5
Nf6 28. Nxf6+ gxf6 29. Kg2 Rbc8 30. Rd6 Rb8 31. Rxf6 Kg7 32. Rd6 b5 33. c5 Rfc8
34. Rb6 Rxb6 35. cxb6 Rb8 36. b7 Kf6 37. Rc7 Ke6 38. Kf3 h5 39. h4 f6 40. Kf4
Kd6 41. Rh7 Ke6 42. f3 a4 43. g4 hxg4 44. fxg4 axb3 45. axb3 Kd5 46. Kf5 Kc5
47. Kxf6 Kb4 48. g5 Kxb3  1-0

[Event "21st 4NCL Congress"]
[Site "Harrogate"]
[Date "2019.01.19"]
[Round "2"]
[Board "1"]
[White "Slinger, Aj (Tony)"]
[Black "Both, Aaron"]
[Result "1-0"]
[WhiteElo "1846"]
[BlackElo "1983"]
[PlyCount "87"]
[EventDate "2019.01.18"]
[EventRounds "5"]
[EventCountry "ENG"]

1. e4 c5 2. Nf3 e6 3. d3 Nc6 4. g3 d5 5. Nbd2 Nf6 6. Bg2 Be7 7. O-O O-O 8. e5
Ng4 9. Re1 Qc7 10. Qe2 f6 11. exf6 Bxf6 12. c3 Bd7 13. h3 Nge5 14. Nxe5 Nxe5
15. Nf3 Ng6 16. Bg5 Rae8 17. Bxf6 gxf6 18. Nh2 Qd6 19. d4 e5 20. dxc5 Qxc5 21.
Qd2 Bc6 22. b4 Qd6 23. b5 Bxb5 24. Qxd5+ Qxd5 25. Bxd5+ Kg7 26. Bxb7 Rb8 27.
Bd5 f5 28. c4 Ba4 29. Rab1 Bc2 30. Rxb8 Rxb8 31. Nf3 Kf6 32. Rc1 Bd3 33. Ne1
Bb1 34. c5 Ne7 35. Bb3 Be4 36. Rd1 Nc6 37. f3 Nd4 38. fxe4 fxe4 39. Kf2 Kg5 40.
Ke3 Rb4 41. Nc2 Nf5+ 42. Kf2 Rb5 43. Rd5 Kf6 44. c6  1-0

[Event "21st 4NCL Congress"]
[Site "Harrogate"]
[Date "2019.01.19"]
[Round "2"]
[Board "2"]
[White "Gibbs, Dominic V"]
[Black "Jacob, Sydney J"]
[Result "1/2-1/2"]
[WhiteElo "1959"]
[BlackElo "1832"]
[PlyCount "88"]
[EventDate "2019.01.18"]
[EventRounds "5"]
[EventCountry "ENG"]

1. e4 e6 2. d4 d5 3. Nd2 dxe4 4. Nxe4 Bd7 5. Nf3 Bc6 6. Ned2 Nd7 7. Bd3 Ngf6 8.
O-O Be7 9. c4 O-O 10. Re1 Re8 11. Qe2 Bf8 12. Ne5 Nxe5 13. dxe5 Nd7 14. Nf3
Bxf3 15. Qxf3 c6 16. Bc2 g6 17. Bf4 Bg7 18. Qg3 Qe7 19. h4 h5 20. Re3 Qf8 21.
Rae1 Bh6 22. Bg5 Bxg5 23. hxg5 Qg7 24. Qf4 Rad8 25. g4 hxg4 26. Qxg4 Kf8 27.
Kg2 c5 28. Ba4 Ke7 29. Qe4 Rh8 30. Qxb7 Qh7 31. Rd3 Qh2+ 32. Kf1 Qh1+ 33. Qxh1
Rxh1+ 34. Ke2 Rxe1+ 35. Kxe1 Nxe5 36. Rb3 Kf8 37. Rb7 Nxc4 38. b3 Ne5 39. Rxa7
Nf3+ 40. Ke2 Nxg5 41. Bc6 e5 42. a4 Ne6 43. Ke3 Nd4 44. Bb7 Kg7  1/2-1/2

[Event "21st 4NCL Congress"]
[Site "Harrogate"]
[Date "2019.01.19"]
[Round "2"]
[Board "3"]
[White "Bennett, Dominic L"]
[Black "Dean, Robert A"]
[Result "1-0"]
[WhiteElo "1934"]
[BlackElo "1811"]
[PlyCount "75"]
[EventDate "2019.01.18"]
[EventRounds "5"]
[EventCountry "ENG"]

1. Nf3 Nf6 2. e3 d6 3. d4 g6 4. b3 Bg7 5. Bb2 O-O 6. Be2 c6 7. O-O Nbd7 8. a4
Ne4 9. Nfd2 Ndf6 10. Nc4 Nd5 11. f3 Nef6 12. a5 Bh6 13. Bc1 Nc7 14. Qe1 Nb5 15.
Qh4 Bg7 16. c3 Be6 17. Bd2 Rc8 18. g4 Bxc4 19. Bxc4 Nc7 20. Ra2 d5 21. Bd3 Nfe8
22. f4 Nd6 23. f5 Ne4 24. Be1 e5 25. Bxe4 Bf6 26. Qg3 dxe4 27. dxe5 Qd5 28.
exf6 Qxb3 29. Rd2 Qxb1 30. Rd7 Ne8 31. fxg6 hxg6 32. Qh4 Qb5 33. Re7 Qc5 34. g5
Qxe3+ 35. Bf2 Qf3 36. Rxe8 Rfxe8 37. Qh6 Qg4+ 38. Bg3  1-0